000 00689nam a2200205 i 4500
001 89813
003 ES-MaACL
005 20250809063508.0
007 t|
008 050113s1970 sp ||||1| spa d
100 1 _aLaurentin, René,
_d1917-2017
_970642
245 1 3 _aLa "contestación" en la Iglesia
_b: (la apuesta del IIº Sínodo) /
_cRené Laurentin ; versión, Francisco Pérez.
260 _a[Madrid] :
_bTaurus,
_c[1970]
300 _a617 p. ;
_c17 cm.
490 1 _aEl futuro de la verdad ;
_v39
700 1 _aPérez Moragón, Francesc.
_991039
830 0 _aEl futuro de la verdad ;
_v39
_9180936
852 _aES-MaACL
_jC-44971
_bR.74331
999 _c89813
_d89813